02876 2201189 4500001002100000005001500021035002000036245008600056100002700142250001700169300003400186260003400220082001000254084001600264020002200280650002400302990001600326990001600342990001600358990001600374990001600390990001600406990001600422990001600438990001600454990001600470990001600486990001600502990001600518990001600534990001600550990001600566990001600582990001600598990001600614990001600630990001600646990001600662990001600678990001600694990001600710990001600726990001600742990001600758990001600774990001600790990001600806990001600822990001600838990001600854990001600870990001600886990001600902990001600918990001600934990001600950990001600966990001600982990001600998990001601014990001601030990001601046990001601062990001601078990001601094990001601110990001601126990001601142990001601158990001601174990001601190990001601206990001601222990001601238990001601254990001601270990001601286990001601302990001601318990001601334990001601350990001601366990001601382990001601398990001601414990001601430990001601446990001601462990001601478990001601494990001601510990001601526990001601542990001601558990001601574990001601590990001601606990001601622990001601638990001601654990001601670INLIS00000000000046020240702084544 a0010-07240000151 aAl-Qur'an dan Hadis 5 untuk Kelas V Madrasah Ibtidaiyah /cTicha Fauziyatul Anwar0 aTicha Fauziyatul Anwar acetakan ke-1 axvi, 144 hlm :bilus ;c25 cm aSolo :bTiga Serangkai,c2020 a2X1.1 a2X1.1 TIC a a978-602-320-936-1 4aBuku Teks Pelajaran a00000001433 a00000001350 a00000001351 a00000001352 a00000001353 a00000001354 a00000001355 a00000001356 a00000001357 a00000001358 a00000001359 a00000001360 a00000001361 a00000001362 a00000001363 a00000001364 a00000001365 a00000001366 a00000001367 a00000001368 a00000001369 a00000001370 a00000001371 a00000001372 a00000001373 a00000001374 a00000001375 a00000001376 a00000001377 a00000001378 a00000001379 a00000001380 a00000001381 a00000001382 a00000001383 a00000001384 a00000001385 a00000001386 a00000001387 a00000001388 a00000001389 a00000001390 a00000001391 a00000001392 a00000001393 a00000001394 a00000001395 a00000001396 a00000001397 a00000001398 a00000001399 a00000001400 a00000001401 a00000001402 a00000001403 a00000001404 a00000001405 a00000001414 a00000001415 a00000001416 a00000001417 a00000001418 a00000001419 a00000001421 a00000001422 a00000001423 a00000001424 a00000001425 a00000001426 a00000001428 a00000001429 a00000001430 a00000001431 a00000002473 a00000002474 a00000002475 a00000002476 a00000002477 a00000002478 a00000002479 a00000002480 a00000006731 a00000006732 a00000006733 a00000006734